| 000 | 01373nam a22003257i 4500 | ||
|---|---|---|---|
| 003 | URS | ||
| 005 | 20230518152326.0 | ||
| 008 | 220524b ||||| |||| 00| 0 eng d | ||
| 020 | _a9786210421668 | ||
| 040 |
_aCvSU-CCAT Campus Library _bEnglish _cCvSU-CCAT Campus Library _erda _cURS |
||
| 050 | 1 | 4 |
_aHQ767.9 _b.D45 2021 |
| 100 |
_aDel Rosario, Katherine E., _eauthor. _91342 |
||
| 245 | 1 | 0 |
_aA Course module for child development / _cKatherine E. Del Rosario, Rufo Gil Z. Abor; Greg Tabios Pawilen, coordinator. |
| 250 | _aFirst edition. | ||
| 264 | 1 |
_aManila : _bRex Book Store, _c©2021. |
|
| 300 |
_avi, 203 pages ; _c26 cm. |
||
| 336 |
_atext _btxt _2rdacontent |
||
| 337 |
_aunmediated _bn _2rdamedia |
||
| 338 |
_avolume _bnc _2rdacarrier |
||
| 490 | _a(TEACH series) | ||
| 501 | _aOutcomes-Based Education (OBE). | ||
| 504 | _aIncludes bibliographical references. | ||
| 505 | _aUnit 1 : Introduction to child development Unit 2 : Research in child development Unit 3 : Theories in child development Unit 4 : Prenatal to infant development Unit 5 : Developmental domains of children Unit 6 : Children with exceptionalities | ||
| 546 | _aIn English text. | ||
| 650 | 0 |
_aChild development. _9358 |
|
| 650 | 0 |
_aChild psychology. _9360 |
|
| 700 |
_aAlbor, Rufo Gil Z., _eauthor. _94659 |
||
| 700 |
_aPawilen, Greg Tabios., _91160 _ecoordinator. |
||
| 942 |
_2lcc _cF |
||
| 999 |
_c68983 _d68983 |
||